ՀՀ Գիտությունների ազգային ակադեմիայի հիմնարար գիտական գրադարան  =   Fundamental Scientific Library of NAS RA

Избранные произведения поэтов Азии / (Record no. 281754)

MARC details
000 -LEADER
fixed length control field 01068nam a2200229 u 4500
001 - CONTROL NUMBER
control field 000766623
003 - CONTROL NUMBER IDENTIFIER
control field AM-YeHGA
005 - DATE AND TIME OF LATEST TRANSACTION
control field 20250618073833.0
008 - FIXED-LENGTH DATA ELEMENTS--GENERAL INFORMATION
fixed length control field 101020s1981 ru a r 000 1 rus d
040 ## - CATALOGING SOURCE
Original cataloging agency AM-YeHGA
041 0# - LANGUAGE CODE
Language code of text/sound track or separate title rus
090 ## - LOCALLY ASSIGNED LC-TYPE CALL NUMBER (OCLC); LOCAL CALL NUMBER (RLIN)
-- 283410
245 00 - TITLE STATEMENT
Title Избранные произведения поэтов Азии /
Statement of responsibility, etc. Ред. колл.: Г.Г. Абашидзе, Ч. Айтматов, Р. Гамзатов, В. Петросян и др.
260 ## - PUBLICATION, DISTRIBUTION, ETC.
Place of publication, distribution, etc. Москва :
Name of publisher, distributor, etc. Худож. лит.,
Date of publication, distribution, etc. 1981.
300 ## - PHYSICAL DESCRIPTION
Extent 704 с.
440 #0 - SERIES STATEMENT/ADDED ENTRY--TITLE
Title Библиотека избранных произведений писателей Азии и Африки
650 14 - SUBJECT ADDED ENTRY--TOPICAL TERM
Topical term or geographic name entry element Поэтические переводы
Form subdivision Сборники разных авторов
700 1# - ADDED ENTRY--PERSONAL NAME
Personal name Абашидзе, Григол Григорьевич
Dates associated with a name 1914-1994
700 1# - ADDED ENTRY--PERSONAL NAME
Personal name Айтматов, Чингиз
Dates associated with a name 1928-2008
700 1# - ADDED ENTRY--PERSONAL NAME
Personal name Гамзатов, Расул Гамзатович
Dates associated with a name 1923-2003
700 1# - ADDED ENTRY--PERSONAL NAME
Personal name Պետրոսյան, Վարդգես Համազասպի,
Dates associated with a name 1932-1994
9 (RLIN) 1431
Holdings
Withdrawn status Lost status Damaged status Not for loan Collection Home library Current library Date acquired Total checkouts Full call number Barcode Date last seen Price effective from Koha item type Public note
        General Fundamental Scientific Library Fundamental Scientific Library 29/12/2016   PII/462375 FL0314475 29/12/2016 29/12/2016 Գրքեր / Books 30 Days Loan


ՀՀ ԳԱԱ հիմնարար գիտական գրադարան
ՀՀ,Երևան 0019
Մարշալ Բաղրամյան 24/6
հեռախոս:(374-10) 52-47-50
Հետադարձ կապ

All site content, except where otherwise noted, is licensed under a
Creative Commons License